Top 10 des meilleurs buteurs en ligue des champions all time - Statistiques

Statistiques générales
  • Ce quiz a été pris 484 fois
  • Le résultat moyen est 5 sur 10
Statistiques - réponses
Top Joueur Nationnalité % Correct
1 Cristiano Ronaldo Portugal
100%
2 Lionel Messi Argentine
100%
4 Karim Benzema France
74%
9 Thierry Henry France
55%
5 Raul Espagne
46%
7 Andriy Chevtchenko Ukraine
44%
3 Robert Lewandowski Pologne
30%
8 Thomas Müller Allemagne
12%
6 Ruud Van Nistelrooy Pays-bas
9%
10 Filippo Inzaghi Italie
4%
Aucun quiz correspondant
Distribution des résultats
% des personnes avec chaque résultat
Percentile par nombre de réponses
Votre historique - résultats
Vous n’avez pas pris ce quiz